Statistics for The Strokes Lyrics - Juicebox

Click here to take the quiz!

General Stats

  • This quiz has been taken 17 times
  • The average score is 165 of 209

Answer Stats

Lyrics% Correct
I
100%
a
92%
city
92%
come
92%
got
92%
here?"
92%
here?
92%
it
92%
over
92%
to
92%
We
92%
"Why
92%
Why
92%
won't
92%
You
92%
you
92%
action,
85%
action
85%
cold
85%
cold,
85%
easy
85%
field,
85%
field
85%
for
85%
For
85%
in
85%
it's
85%
light
85%
love
85%
me
85%
me,
85%
No
85%
-no,
85%
-no
85%
no,
85%
no
85%
No,
85%
not
85%
say
85%
see
85%
so
85%
some
85%
standing
85%
Standing
85%
that
85%
the
85%
waiting
85%
Waiting
85%
You're
85%
you're
85%
but
77%
Everybody
77%
sees
77%
Oh
69%
time
62%
can
54%
bye
46%
Nobody
46%
too
46%
was
46%
know
38%
nice,
38%
while,
38%
everything's
31%
Old
31%
actress,
23%
actress
23%
grudges
23%
I'm
23%
miss
23%
Way
23%
Will
23%
never
15%
saw
15%
slowly
15%
die
8%
song
8%
swiftly
8%
trust
8%

Score Distribution

Percentile by Number Answered

Percent of People with Each Score

Your Score History

You have not taken this quiz